| 000 | 00505nam a2200169 i 4500 | ||
|---|---|---|---|
| 001 | bg | ||
| 100 | 1 | _aSEIDIER, J. | |
| 245 | 0 |
_aMetody rozwiązywania zadań optymalizacji / _cJ. Seidier, A. Bandach, W. Malisz. |
|
| 260 |
_aWarszawa, _c1980. |
||
| 700 | 1 | _aBANDACH, A. | |
| 700 | 1 | _aMALISZ, W. | |
| 040 | _cBPK | ||
| 041 | _apol | ||
| 942 | _cKS | ||
| 008 | s pl f |000 0 pol | ||
| 856 |
_uhttp://koha.tu.koszalin.pl/cgi-bin/koha/opac-detail.pl?biblionumber=19907 _yKatalog online BPK |
||
| 999 |
_c19907 _d19907 |
||